Human factor aspects of aircraft noise (Record no. 811)

MARC details
000 -LEADER
fixed length control field 00490nam a2200181Ia 4500
020 ## - INTERNATIONAL STANDARD BOOK NUMBER
ISBN 649a
082 ## - DEWEY DECIMAL CLASSIFICATION NUMBER
Classification number 363.741 GAN-;
100 ## - MAIN ENTRY--AUTHOR NAME
Personal name Ganguli, H.C.
245 #0 - TITLE STATEMENT
Title Human factor aspects of aircraft noise
260 ## - PUBLICATION, DISTRIBUTION, ETC. (IMPRINT)
Place of publication Delhi
Name of publisher Vikas Publishing
Year of publication 1971
300 ## - PHYSICAL DESCRIPTION
Number of Pages xiv, 174p.
504 ## - BIBLIOGRAPHY, ETC. NOTE
Bibliography, etc Includes index, bibliography
650 ## - SUBJECT ADDED ENTRY--TOPICAL TERM
Topical Term Airplanes - Noise - Law and legislation
650 ## - SUBJECT ADDED ENTRY--TOPICAL TERM
Topical Term Noise control
650 ## - SUBJECT ADDED ENTRY--TOPICAL TERM
Topical Term Noise - Physiological effect
700 ## - ADDED ENTRY--PERSONAL NAME
Personal name Rao, M.S. Prakash
942 ## - ADDED ENTRY ELEMENTS (KOHA)
Koha item type Books
Holdings
Withdrawn status Lost status Damaged status Not for loan Home library Current library Date acquired Bill Date Full call number Accession Number Price effective from Koha item type
        NASSDOC Library NASSDOC Library 08/06/2004 2004-10-22 363.741 GAN-; 25615 18/04/2019 Books